[Event "Yanofsky Memorial op U1800"]
[Site "Winnipeg"]
[Date "2009.09.05"]
[Round "3"]
[White "Trueman, Francis"]
[Black "Green, Leah"]
[Result "1-0"]
[WhiteElo "1491"]
[BlackElo "1224"]
[PlyCount "87"]
[EventDate "2009.09.04"]
[EventType "swiss"]
[EventRounds "5"]
[EventCountry "CAN"]
[SourceTitle "EXT 2011"]
[Source "ChessBase"]
[SourceDate "2010.11.26"]
[SourceVersion "1"]
[SourceVersionDate "2010.11.26"]
[SourceQuality "1"]

1. Nf3 Nc6 2. d3 e5 3. e4 Nf6 4. Nbd2 d5 5. g3 d4 6. Bg2 Bg4 7. 0-0 Qd7 8. Qe2 Bh3 9. a4 Bb4 10. Nc4 0-0 11. Nfxe5 Nxe5 12. Nxe5 Qe6 13. f4 Bxg2 14. Kxg2 Nd7 15. Nc4 f5 16. Bd2 Bxd2 17. Qxd2 fxe4 18. dxe4 Qxe4+ 19. Kg1 Qd5 20. Ne3 Qd6 21. Nc4 Qc5 22. Qd3 Rfe8 23. b4 Qxb4 24. Rfb1 Qc5 25. Rxb7 Rad8 26. Rb5 Qc6 27. Qb3 Re2 28. Ne5+ Kh8 29. Nxc6 Rde8 30. Ne5 Nxe5 31. Rxe5 R2xe5 32. fxe5 Rd8 33. Rb1 g6 34. e6 Re8 35. Qd5 Kg7 36. Qxd4+ Kf8 37. Rf1+ Kg8 38. Qf6 Ra8 39. Qf7+ Kh8 40. Qxc7 Rg8 41. Rf7 Rg7 42. Rxg7 h5 43. Rh7+ Kg8 44. Qg7# 1-0

[Event "Winnipeg TNT May op"]
[Site "Winnipeg"]
[Date "2009.05.26"]
[Round "4"]
[White "Lipic, Stephen"]
[Black "Green, Leah"]
[Result "1-0"]
[WhiteElo "1698"]
[BlackElo "1287"]
[PlyCount "55"]
[EventDate "2009.05.05"]
[EventType "swiss"]
[EventRounds "4"]
[EventCountry "CAN"]
[SourceTitle "EXT 2011"]
[Source "ChessBase"]
[SourceDate "2010.11.26"]
[SourceVersion "1"]
[SourceVersionDate "2010.11.26"]
[SourceQuality "1"]

1. Nf3 Nc6 2. d4 d6 3. b3 e5 4. dxe5 dxe5 5. Qxd8+ Kxd8 6. e4 Nf6 7. Nbd2 Bb4 8. Bc4 Ke7 9. 0-0 Bg4 10. Ng5 Bh5 11. a3 Bxd2 12. Bxd2 h6 13. Nh3 Nxe4 14. Be3 Rhd8 15. f4 f6 16. Rfe1 Nd6 17. Bc5 b6 18. Bd5 Kd7 19. fxe5 bxc5 20. e6+ Ke7 21. Bxc6 Rab8 22. a4 Rb6 23. Nf4 g6 24. Bd7 Nb7 25. g4 Rb4 26. Nd5+ Kf8 27. Nxb4 cxb4 28. e7+ 1-0

[Event "Yanofsky Memorial op U1800"]
[Site "Winnipeg"]
[Date "2008.08.31"]
[Round "5"]
[White "Magnusson, Saul"]
[Black "Green, Leah"]
[Result "1-0"]
[WhiteElo "1447"]
[BlackElo "1183"]
[PlyCount "55"]
[EventDate "2008.08.29"]
[EventType "swiss"]
[EventRounds "5"]
[EventCountry "CAN"]
[SourceTitle "EXT 2019"]
[Source "ChessBase"]
[SourceDate "2018.10.10"]
[SourceVersion "1"]
[SourceVersionDate "2018.10.10"]
[SourceQuality "1"]

1. e4 e5 2. Nf3 Nc6 3. Bc4 h6 4. d4 exd4 5. c3 Nf6 6. e5 Ng4 7. 0-0 Ngxe5 8. Nxe5 Nxe5 9. Re1 dxc3 10. Rxe5+ Be7 11. Nxc3 d6 12. Re1 0-0 13. Nd5 Re8 14. Qh5 c6 15. Rxe7 Rxe7 16. Nxe7+ Qxe7 17. Bd2 d5 18. Re1 Qc7 19. Re8+ Kh7 20. Bd3+ f5 21. Bxf5+ Bxf5 22. Rxa8 Bg6 23. Qf3 Qe7 24. Rxa7 Be4 25. Qe3 Qh4 26. Rxb7 Qh5 27. f3 Bg6 28. Qe7 1-0

[Event "Winnipeg TNT April op"]
[Site "Winnipeg"]
[Date "2008.04.22"]
[Round "4"]
[White "Green, Leah"]
[Black "Martens, Peter"]
[Result "1-0"]
[WhiteElo "1163"]
[BlackElo "1181"]
[PlyCount "136"]
[EventDate "2008.01.04"]
[EventType "swiss"]
[EventRounds "5"]
[EventCountry "CAN"]
[SourceTitle "EXT 2011"]
[Source "ChessBase"]
[SourceDate "2010.11.26"]
[SourceVersion "1"]
[SourceVersionDate "2010.11.26"]
[SourceQuality "1"]

1. e4 e5 2. Nf3 Nc6 3. Bc4 Nf6 4. d3 Bc5 5. Bg5 0-0 6. Nbd2 h6 7. Be3 Bxe3 8. fxe3 d6 9. Qe2 Nb4 10. 0-0-0 d5 11. exd5 Nfxd5 12. Kb1 Bg4 13. h3 Be6 14. Nxe5 Qd6 15. Nef3 a5 16. a3 Nc6 17. Bxd5 Qxd5 18. c4 Qd6 19. Ne4 Qd7 20. d4 Bf5 21. Nfd2 Bxe4+ 22. Nxe4 Qf5 23. Qf3 Ne7 24. Qxf5 Nxf5 25. Nc5 b6 26. Ne4 Nxe3 27. Rc1 Nxg2 28. Rhg1 Nf4 29. Rh1 Ne2 30. Rcd1 Rfe8 31. Nc3 Ng3 32. Rhe1 c6 33. Rxe8+ Rxe8 34. d5 cxd5 35. Nxd5 Rb8 36. Rd3 Ne4 37. Nc3 Nc5 38. Rd6 f5 39. b4 Ne4 40. Nxe4 fxe4 41. Rd1 axb4 42. axb4 Kf7 43. Kc1 Rc8 44. Rd4 Re8 45. Kd2 Kf6 46. Ke3 Kf5 47. Rd6 Rc8 48. Rd4 b5 49. cxb5 Rc3+ 50. Kd2 Rxh3 51. b6 Ke5 52. b7 Kxd4 53. b8Q Rd3+ 54. Ke1 Re3+ 55. Kf2 Rf3+ 56. Kg2 Ke3 57. Qb6+ Kf4 58. Qd6+ Ke3 59. b5 Rf2+ 60. Kg1 Kf3 61. b6 e3 62. Qd3 Rg2+ 63. Kh1 Kf2 64. Qxe3+ Kxe3 65. Kxg2 g5 66. b7 g4 67. b8Q h5 68. Qe5+ Kd3 1-0

[Event "Winnipeg Gibbons Section ABCD"]
[Site "Winnipeg"]
[Date "2007.10.13"]
[Round "2"]
[White "Gibbons, Lorne"]
[Black "Green, Leah"]
[Result "1-0"]
[WhiteElo "1332"]
[BlackElo "1198"]
[PlyCount "89"]
[EventDate "2007.10.12"]
[EventType "swiss"]
[EventRounds "5"]
[EventCountry "CAN"]
[SourceTitle "EXT 2022"]
[Source "ChessBase"]
[SourceDate "2021.10.06"]
[SourceVersion "1"]
[SourceVersionDate "2021.10.06"]
[SourceQuality "1"]

1. d4 g6 2. e4 e6 3. c4 d5 4. cxd5 exd5 5. exd5 Qxd5 6. Nc3 Qd8 7. Bc4 Nf6 8. Bg5 Be6 9. Bxe6 fxe6 10. Qe2 Qe7 11. 0-0-0 c6 12. Nf3 Nbd7 13. Rhe1 0-0-0 14. Qxe6 Qxe6 15. Rxe6 Bg7 16. Re7 Bf8 17. Rf7 Re8 18. Bxf6 Nxf6 19. Rxf6 Bh6+ 20. Kc2 Bg7 21. Rf7 Rhg8 22. Ng5 h6 23. Nge4 Rd8 24. Ne2 Bh8 25. f3 Rge8 26. Rd3 g5 27. Rb3 b5 28. Rxa7 Kb8 29. Rh7 Bxd4 30. a4 g4 31. axb5 gxf3 32. bxc6+ Kc8 33. gxf3 Rf8 34. c7 Rd7 35. Rb8+ Kxc7 36. Rxf8 Rxh7 37. Nxd4 Rd7 38. Ne6+ Kb7 39. h4 Kc6 40. N6c5 Rd5 41. Rf6+ Kc7 42. Rxh6 Rf5 43. Ne6+ Kd7 44. N6c5+ Kd8 45. Rf6 1-0

[Event "CAN-ch U12 Girls"]
[Site "Ottawa"]
[Date "2007.07.04"]
[Round "4"]
[White "Roy, Myriam"]
[Black "Green, Leah"]
[Result "1-0"]
[WhiteElo "1978"]
[BlackElo "1448"]
[PlyCount "53"]
[EventDate "2007.07.03"]
[EventType "tourn"]
[EventRounds "7"]
[EventCountry "CAN"]
[SourceTitle "EXT 2022"]
[Source "ChessBase"]
[SourceDate "2021.10.06"]
[SourceVersion "1"]
[SourceVersionDate "2021.10.06"]
[SourceQuality "1"]

1. e4 e5 2. Nf3 Nc6 3. d4 d6 4. dxe5 dxe5 5. Qxd8+ Kxd8 6. Nc3 Nb4 7. Bg5+ Be7 8. 0-0-0+ Bd7 9. Bxe7+ Nxe7 10. Nxe5 Ke8 11. Nxd7 Rd8 12. Nc5 b6 13. Nd3 Nxd3+ 14. Bxd3 Nc6 15. Bb5 Rxd1+ 16. Rxd1 Ke7 17. Bxc6 Rd8 18. Nd5+ Kf8 19. Nxc7 Rc8 20. Rd7 g6 21. Bd5 Kg7 22. Rxf7+ Kh6 23. Ne6 a5 24. g4 b5 25. f3 a4 26. g5+ Kh5 27. Rxh7# 1-0